00720nam a2200157 a 4500003000200000005001700002008004100019050002700060100002900087245017900116260009000295300004000385504004100425650004400466650005200510020250507151932.0970101s19uu xx 00 eng d aPHS LB 3605b.M36 2004 aManzana, Paul Michael C. aA Comparative study on time management skills of Southville International School and Makati Hope Christian School Fourth year High School students /cPaul Michael C. Manzana. aLas Piñas City, Philippines :bSouthville International School and Colleges,c2004. a31 pages :billustrations ;c28 cm. aIncludes bibliographical references. aTime managementxStudentszPhilippines. aStudentsxTime managementvComparative studies.